00611nam a2200169Ia 4500003000900000008004100009020001800050040001600068080001600084100002100100245020900121260003200330300001000362650002700372650002300399650001900422IN-BaIIA211028s9999 xx 000 0 eng d a0-07-008009-7 cIIA Library a517.91bBRO aBronson, Richard 0aTheory and problems of modern introductory differential equationsbwith laplace transforms matrix methods numerical methods eigenvalue problemscRichard Bronson  aNew YorkbMcGraw-Hillc1973 a306p. aDifferential equations aIntegral equations aNASA Thesaurus